[Event "Warsaw Najdorf Memorial op-A 22nd"]
[Site "Warsaw"]
[Date "2025.07.14"]
[Round "7"]
[White "Pniaczek, Marek"]
[Black "Pancewicz, Szymon"]
[Result "1-0"]
[WhiteElo "2185"]
[BlackElo "2076"]
[PlyCount "83"]
[EventDate "2025.07.08"]
[EventType "swiss"]
[EventRounds "9"]
[EventCountry "POL"]
[SourceTitle "CB29_2025"]
[SourceDate "2025.07.16"]
[SourceVersion "1"]
[SourceVersionDate "2025.07.16"]
[SourceQuality "1"]

1. d4 d5 2. Nf3 Nf6 3. c3 e6 4. Bf4 Bd6 5. e3 0-0 6. Bg3 c5 7. Nbd2 Nc6 8. Bd3 Qe7 9. Ne5 Nd7 10. Nxd7 Bxd7 11. Bxd6 Qxd6 12. dxc5 Qxc5 13. Bxh7+ Kxh7 14. Qh5+ Kg8 15. Ne4 Qc4 16. Ng5 Rfd8 17. Qxf7+ Kh8 18. Qh5+ Kg8 19. Rd1 e5 20. Qh7+ Kf8 21. Qh8+ Ke7 22. Qxg7+ Kd6 23. e4 d4 24. Nf7+ Kc7 25. Nxe5 Qg8 26. Qxg8 Rxg8 27. Nxd7 Kxd7 28. 0-0 Ne5 29. f4 Ng4 30. Rf3 Rg6 31. Rg3 Rag8 32. Rxd4+ Ke7 33. Rd2 b5 34. Rgd3 Nf6 35. g3 Rg4 36. Kf1 a5 37. Rd4 a4 38. a3 Rc8 39. Kf2 Rg6 40. Kf3 Rc7 41. e5 Nd7 42. f5 1-0

[Event "Warsaw Najdorf Memorial op-A 22nd"]
[Site "Warsaw"]
[Date "2025.07.12"]
[Round "5"]
[White "Pniaczek, Marek"]
[Black "Kraczek, Cezary"]
[Result "1-0"]
[WhiteElo "2185"]
[BlackElo "2059"]
[PlyCount "123"]
[EventDate "2025.07.08"]
[EventType "swiss"]
[EventRounds "9"]
[EventCountry "POL"]
[SourceTitle "CB29_2025"]
[SourceDate "2025.07.16"]
[SourceVersion "1"]
[SourceVersionDate "2025.07.16"]
[SourceQuality "1"]

1. e4 d6 2. d4 Nf6 3. Bd3 e5 4. c3 Nbd7 5. Nf3 d5 6. dxe5 dxe4 7. exf6 exf3 8. Qxf3 Ne5 9. Bb5+ c6 10. Qg3 gxf6 11. Be2 Bd6 12. f4 Ng6 13. Be3 f5 14. Nd2 Qh4 15. 0-0-0 Be6 16. Qxh4 Nxh4 17. g3 Ng6 18. Nc4 Bc7 19. Bc5 b6 20. Nd6+ Bxd6 21. Bxd6 f6 22. Rhe1 Kf7 23. h4 Rhe8 24. Bf3 Rac8 25. Kc2 Bd5 26. Bxd5+ cxd5 27. Rxe8 Rxe8 28. Rxd5 Re2+ 29. Rd2 Re3 30. Rd3 Re2+ 31. Kb3 Ne7 32. Bxe7 Kxe7 33. a4 Rg2 34. Ka3 Ke6 35. b4 a6 36. Kb3 Rg1 37. b5 axb5 38. axb5 Rb1+ 39. Kc4 Ke7 40. Rd5 Rg1 41. Rxf5 Rxg3 42. Rh5 Kd6 43. Rh6 Ke6 44. Rxh7 Rg4 45. Kb4 Rxf4+ 46. c4 f5 47. Rh6+ Kd7 48. Rxb6 Rxh4 49. Rf6 f4 50. b6 Rh5 51. c5 Rh1 52. Rxf4 Rb1+ 53. Kc4 Kc6 54. Rf6+ Kb7 55. Rf7+ Kb8 56. Kd5 Rh1 57. Kc6 Rh6+ 58. Kb5 Rh5 59. Ka6 Rh8 60. c6 Rc8 61. c7+ Rxc7 62. Rxc7 1-0

[Event "Katowice rapid op"]
[Site "Katowice"]
[Date "2025.05.31"]
[Round "8"]
[White "Pniaczek, Marek"]
[Black "Glajc, Nikodem"]
[Result "1-0"]
[WhiteElo "2082"]
[BlackElo "1850"]
[PlyCount "75"]
[EventDate "2025.05.31"]
[EventType "swiss"]
[EventRounds "11"]
[EventCountry "POL"]
[SourceTitle "CB24_2025"]
[SourceDate "2025.06.11"]
[SourceVersion "1"]
[SourceVersionDate "2025.06.11"]
[SourceQuality "1"]

1. Nf3 d5 2. d4 Nf6 3. c3 Bf5 4. Qb3 b6 5. c4 e6 6. Nc3 Be7 7. Bg5 c6 8. e3 0-0 9. Be2 h6 10. Bh4 Re8 11. 0-0 Nbd7 12. Rac1 Nf8 13. cxd5 exd5 14. Ba6 Ng6 15. Bg3 Bd6 16. Bb7 Rb8 17. Bxc6 Rf8 18. Nxd5 Nxd5 19. Bxd5 Bxg3 20. hxg3 Ne7 21. Bc4 Nc8 22. Ne5 Nd6 23. Nc6 Qg5 24. Nxb8 Rxb8 25. Bd3 Ne4 26. Rc7 Be6 27. Qc2 Nf6 28. e4 Bg4 29. Rc1 h5 30. e5 Nd5 31. Rc8+ Bxc8 32. Qxc8+ Qd8 33. Qxd8+ Rxd8 34. Be4 Ne7 35. d5 Nxd5 36. Rd1 Kf8 37. Rxd5 Rc8 38. Rd7 1-0

[Event "Titled Tuesday intern op 06th May Early"]
[Site "Chess.com INT"]
[Date "2025.05.06"]
[Round "2"]
[White "Weetik, Vjacheslav"]
[Black "Pniaczek, Marek"]
[Result "1-0"]
[WhiteElo "2423"]
[BlackElo "2144"]
[PlyCount "81"]
[EventDate "2025.05.06"]
[EventType "swiss (blitz)"]
[EventRounds "11"]
[EventCountry "USA"]
[SourceTitle "CB20_2025"]
[SourceDate "2025.05.14"]
[SourceVersion "1"]
[SourceVersionDate "2025.05.14"]
[SourceQuality "1"]

1. d4 d5 2. c4 c5 3. e3 Nf6 4. Nc3 dxc4 5. Bxc4 e6 6. Nf3 a6 7. a4 Nc6 8. 0-0 Be7 9. Qe2 0-0 10. Rd1 Qc7 11. b3 Rd8 12. Bb2 cxd4 13. exd4 Na5 14. d5 Nxc4 15. bxc4 exd5 16. Nxd5 Nxd5 17. cxd5 Bg4 18. Rac1 Qd7 19. h3 Bh5 20. g4 Bxg4 21. hxg4 Qxg4+ 22. Kf1 Qh3+ 23. Kg1 Rd6 24. Ne5 Rh6 25. Qf3 Rg6+ 26. Nxg6 Qxf3 27. Nxe7+ Kh8 28. d6 Rd8 29. Rd4 Qf6 30. Rc8 Rxc8 31. Nxc8 Qg6+ 32. Kh2 Qh5+ 33. Kg3 Qg5+ 34. Kf3 Qf5+ 35. Ke3 Qxc8 36. d7 Qd8 37. Ba3 Kg8 38. Kd3 f6 39. Be7 Qxe7 40. d8Q+ Kf7 41. Rd7 1-0

[Event "Ljubljana op"]
[Site "Ljubljana"]
[Date "2025.05.04"]
[Round "9"]
[White "Pniaczek, Marek"]
[Black "Javornik, Nik"]
[Result "0-1"]
[WhiteElo "2132"]
[BlackElo "2280"]
[PlyCount "39"]
[EventDate "2025.04.28"]
[EventType "swiss"]
[EventRounds "9"]
[EventCountry "SLO"]
[SourceTitle "CB19_2025"]
[SourceDate "2025.05.07"]
[SourceVersion "1"]
[SourceVersionDate "2025.05.07"]
[SourceQuality "1"]

1. e4 c5 2. Nf3 Nc6 3. d4 cxd4 4. Nxd4 e5 5. Nb5 a6 6. Nd6+ Bxd6 7. Qxd6 Qf6 8. Qd1 Qg6 9. Nc3 d5 10. Nxd5 Qxe4+ 11. Be3 Nd4 12. Nc7+ Ke7 13. Be2 Qxg2 14. Rf1 Qc6 15. Nxa8 Nxc2+ 16. Kd2 Bf5 17. Bf3 Qb5 18. Nc7 Qa5+ 19. Ke2 Qxc7 20. Rc1 0-1

[Event "Ljubljana op"]
[Site "Ljubljana"]
[Date "2025.05.03"]
[Round "8"]
[White "Schippers, Maurice"]
[Black "Pniaczek, Marek"]
[Result "1/2-1/2"]
[WhiteElo "2315"]
[BlackElo "2132"]
[PlyCount "47"]
[EventDate "2025.04.28"]
[EventType "swiss"]
[EventRounds "9"]
[EventCountry "SLO"]
[SourceTitle "CB19_2025"]
[SourceDate "2025.05.07"]
[SourceVersion "1"]
[SourceVersionDate "2025.05.07"]
[SourceQuality "1"]

1. e4 e5 2. Nf3 Nf6 3. Nxe5 Nxe4 4. Qe2 Qe7 5. Qxe4 d6 6. d4 dxe5 7. dxe5 Nc6 8. Nc3 Qxe5 9. Qxe5+ Nxe5 10. Nb5 Bb4+ 11. c3 Ba5 12. Bf4 f6 13. Bxe5 fxe5 14. Na3 c6 15. Nc4 Bc7 16. 0-0-0 0-0 17. f3 e4 18. Nd6 exf3 19. Bc4+ Kh8 20. gxf3 Bxd6 21. Rxd6 Bh3 22. Re1 Rae8 23. Rxe8 Rxe8 24. Kd2 1/2-1/2

[Event "Ljubljana op"]
[Site "Ljubljana"]
[Date "2025.05.01"]
[Round "5"]
[White "Pniaczek, Marek"]
[Black "Tratar, Marko"]
[Result "0-1"]
[WhiteElo "2132"]
[BlackElo "2374"]
[PlyCount "64"]
[EventDate "2025.04.28"]
[EventType "swiss"]
[EventRounds "9"]
[EventCountry "SLO"]
[SourceTitle "CB19_2025"]
[SourceDate "2025.05.07"]
[SourceVersion "1"]
[SourceVersionDate "2025.05.07"]
[SourceQuality "1"]

1. e4 e6 2. d4 d5 3. exd5 exd5 4. Bf4 Nf6 5. Nc3 c6 6. Qd2 Bb4 7. f3 0-0 8. 0-0-0 Re8 9. Nge2 Nbd7 10. a3 Bf8 11. g4 b5 12. Ng3 Nb6 13. g5 Nfd7 14. Nb1 a5 15. h4 b4 16. a4 Nxa4 17. h5 Ndb6 18. g6 Ra7 19. gxh7+ Kh8 20. h6 g6 21. Nh5 Nc4 22. Bxc4 dxc4 23. Ng7 c3 24. Qf2 cxb2+ 25. Kd2 Ree7 26. Bg5 Nb6 27. Bxe7 Rxe7 28. Rde1 Nc4+ 29. Kd1 Na3 30. Rxe7 Bxe7 31. Ke2 Ba6+ 32. Ke3 Nc4+ 0-1

[Event "Ljubljana op"]
[Site "Ljubljana"]
[Date "2025.04.29"]
[Round "3"]
[White "Pniaczek, Marek"]
[Black "Palka, Dominika"]
[Result "1-0"]
[WhiteElo "2132"]
[BlackElo "1850"]
[PlyCount "47"]
[EventDate "2025.04.28"]
[EventType "swiss"]
[EventRounds "9"]
[EventCountry "SLO"]
[SourceTitle "CB19_2025"]
[SourceDate "2025.05.07"]
[SourceVersion "1"]
[SourceVersionDate "2025.05.07"]
[SourceQuality "1"]

1. e4 c5 2. Nf3 d6 3. d4 cxd4 4. Qxd4 Nc6 5. Qe3 Nf6 6. Be2 g6 7. 0-0 Bg7 8. h3 0-0 9. Rd1 Be6 10. Nc3 Qc8 11. a3 Na5 12. Qg5 b6 13. Qh4 Bc4 14. Bd3 Bxd3 15. Rxd3 Qc4 16. Bh6 Nb3 17. Re1 Nc5 18. Rd4 Qa6 19. Nd5 Nxd5 20. Bxg7 Kxg7 21. exd5 e5 22. dxe6 Nxe6 23. Rxd6 Rad8 24. Rexe6 1-0

[Event "Titled Tuesday intern op 28th Jan Early"]
[Site "Chess.com INT"]
[Date "2025.01.28"]
[Round "3"]
[White "Gutierrez Espinosa, Karen"]
[Black "Pniaczek, Marek"]
[Result "0-1"]
[WhiteElo "2045"]
[BlackElo "2132"]
[PlyCount "48"]
[EventDate "2025.01.28"]
[EventType "swiss (blitz)"]
[EventRounds "11"]
[EventCountry "USA"]
[SourceTitle "CB06_2025"]
[SourceDate "2025.02.05"]
[SourceVersion "1"]
[SourceVersionDate "2025.02.05"]
[SourceQuality "1"]

1. e4 c5 2. Nf3 Nc6 3. d4 cxd4 4. Nxd4 e5 5. Nb5 d6 6. N1c3 a6 7. Na3 Be6 8. Nd5 Nge7 9. Nxe7 Bxe7 10. c4 0-0 11. Be3 Bg5 12. Bxg5 Qxg5 13. Nc2 f5 14. exf5 Bxf5 15. Ne3 Nd4 16. Bd3 Bh3 17. Be4 Rxf2 18. Kxf2 Qh4+ 19. Kg1 Qxe4 20. Qd2 Rf8 21. Re1 Bxg2 22. Qxg2 Nf3+ 23. Qxf3 Qxf3 24. Ng2 Qf2# 0-1

[Event "Titled Tuesday intern op 28th Jan Early"]
[Site "Chess.com INT"]
[Date "2025.01.28"]
[Round "8"]
[White "Pniaczek, Marek"]
[Black "Goncharov, Vladimir"]
[Result "0-1"]
[WhiteElo "2132"]
[BlackElo "2077"]
[PlyCount "64"]
[EventDate "2025.01.28"]
[EventType "swiss (blitz)"]
[EventRounds "11"]
[EventCountry "USA"]
[SourceTitle "CB06_2025"]
[SourceDate "2025.02.05"]
[SourceVersion "1"]
[SourceVersionDate "2025.02.05"]
[SourceQuality "1"]

1. e4 e6 2. d4 d5 3. e5 c5 4. c3 Nc6 5. Nf3 Nge7 6. Bd3 cxd4 7. cxd4 Nf5 8. Bxf5 exf5 9. 0-0 Be7 10. Nc3 Be6 11. Re1 h6 12. b3 g5 13. Re2 f4 14. Bb2 Qd7 15. Ne1 Bg4 16. f3 Be6 17. Rc1 b6 18. Nb5 Rc8 19. Qc2 0-0 20. Qd2 Nxe5 21. Rxe5 Qxb5 22. Rxc8 Rxc8 23. Nd3 Qc6 24. Re2 Bf6 25. h4 Kg7 26. Kh2 a5 27. Ne5 Qb5 28. hxg5 hxg5 29. Qd1 Bf5 30. Ba3 Qa6 31. Bc1 Rxc1 32. Qxc1 Qxe2 0-1

[Event "Titled Tuesday intern op 14th Jan Early"]
[Site "Chess.com INT"]
[Date "2025.01.14"]
[Round "8"]
[White "Schwabeneder, Florian"]
[Black "Pniaczek, Marek"]
[Result "1-0"]
[WhiteElo "2421"]
[BlackElo "2132"]
[PlyCount "53"]
[EventDate "2025.01.14"]
[EventType "swiss (blitz)"]
[EventRounds "11"]
[EventCountry "USA"]
[SourceTitle "CB04_2025"]
[SourceDate "2025.01.22"]
[SourceVersion "1"]
[SourceVersionDate "2025.01.22"]
[SourceQuality "1"]

1. d4 Nf6 2. Nf3 d5 3. Bf4 c5 4. e3 Qb6 5. Nc3 Bd7 6. Rb1 e6 7. a3 Bd6 8. Bxd6 Qxd6 9. Bd3 0-0 10. 0-0 Rc8 11. dxc5 Qxc5 12. e4 Nc6 13. exd5 Nxd5 14. Nxd5 Qxd5 15. Qe2 Nd4 16. Nxd4 Qxd4 17. c3 Qf4 18. Bxh7+ Kxh7 19. Qd3+ Kg8 20. Qxd7 Rc7 21. Qd3 Rc5 22. Rbd1 Rd5 23. Qe2 Rad8 24. Rxd5 Rxd5 25. Rd1 Re5 26. Qc2 Rh5 27. Rd8# 1-0

[Event "Titled Tuesday intern op 07th Jan Early"]
[Site "Chess.com INT"]
[Date "2025.01.07"]
[Round "6"]
[White "Nithyalakshmi, Sivanesan"]
[Black "Pniaczek, Marek"]
[Result "1-0"]
[WhiteElo "1938"]
[BlackElo "2132"]
[PlyCount "71"]
[EventDate "2025.01.07"]
[EventType "swiss (blitz)"]
[EventRounds "11"]
[EventCountry "USA"]
[SourceTitle "CB03_2025"]
[SourceDate "2025.01.15"]
[SourceVersion "1"]
[SourceVersionDate "2025.01.15"]
[SourceQuality "1"]

1. e4 c5 2. Nf3 Nc6 3. d4 cxd4 4. Nxd4 e5 5. Nb5 d6 6. N1c3 a6 7. Na3 g6 8. Nd5 Bg7 9. c4 Nge7 10. Bg5 0-0 11. Nc2 f6 12. Nxe7+ Qxe7 13. Be3 Be6 14. Be2 Rac8 15. b3 f5 16. exf5 gxf5 17. 0-0 f4 18. Bb6 Kh8 19. Rc1 Qg5 20. Bf3 e4 21. Bxe4 f3 22. Bxf3 Ne5 23. Be3 Qg6 24. Nd4 Bh3 25. Kh1 Rxf3 26. gxh3 Rxh3 27. Rg1 Qe4+ 28. Rg2 Rg8 29. Qc2 Qh4 30. Nf5 Qf6 31. Rcg1 Nf3 32. Bd4 Nxd4 33. Nxd4 Qxd4 34. Qf5 Qf6 35. Qxh3 Qe6 36. Qxe6 1-0

[Event "Titled Tuesday intern op 07th Jan Early"]
[Site "Chess.com INT"]
[Date "2025.01.07"]
[Round "5"]
[White "Pniaczek, Marek"]
[Black "Lopez Ramirez, David Santiago"]
[Result "0-1"]
[WhiteElo "2132"]
[BlackElo "2175"]
[PlyCount "46"]
[EventDate "2025.01.07"]
[EventType "swiss (blitz)"]
[EventRounds "11"]
[EventCountry "USA"]
[SourceTitle "CB03_2025"]
[SourceDate "2025.01.15"]
[SourceVersion "1"]
[SourceVersionDate "2025.01.15"]
[SourceQuality "1"]

1. d4 Nf6 2. Nf3 d5 3. c3 c5 4. dxc5 e6 5. b4 a5 6. e3 Nc6 7. Bb5 Bd7 8. 0-0 Be7 9. Bb2 0-0 10. a3 Ne4 11. Nbd2 f5 12. Bxc6 bxc6 13. c4 Qb8 14. Nxe4 fxe4 15. Ne5 Rd8 16. Qg4 Bxc5 17. Nxd7 Rxd7 18. Qxe6+ Rf7 19. bxc5 Qxb2 20. Qxc6 Raf8 21. Qxd5 Kh8 22. Rab1 Rxf2 23. Qxe4 Qe2 0-1

[Event "Sitges Sunway op-A 11th"]
[Site "Sitges"]
[Date "2024.12.16"]
[Round "5"]
[White "Khusenkhojaev, Mustafokhuja"]
[Black "Pniaczek, Marek"]
[Result "1-0"]
[WhiteElo "2339"]
[BlackElo "2132"]
[PlyCount "69"]
[EventDate "2024.12.12"]
[EventType "swiss"]
[EventRounds "10"]
[EventCountry "ESP"]
[SourceTitle "CB52_2024"]
[SourceDate "2024.12.25"]
[SourceVersion "1"]
[SourceVersionDate "2024.12.25"]
[SourceQuality "1"]

1. d4 Nf6 2. c4 e6 3. g3 d5 4. Nf3 dxc4 5. Bg2 c5 6. 0-0 Nc6 7. Qa4 Bd7 8. Qxc4 b5 9. Qd3 c4 10. Qd1 Rc8 11. Bg5 Be7 12. Nbd2 h6 13. Bxf6 Bxf6 14. e3 0-0 15. a4 a6 16. axb5 axb5 17. Ne4 Be7 18. Qe2 Qb6 19. g4 f5 20. gxf5 exf5 21. Nc3 Nb4 22. Ne5 Be8 23. f4 Bf6 24. Nd5 Nxd5 25. Bxd5+ Kh8 26. Kh1 Bxe5 27. fxe5 Bc6 28. Bxc6 Qxc6+ 29. Qg2 Qe6 30. Ra7 Rf7 31. d5 Qe8 32. Rxf7 Qxf7 33. e6 Qf6 34. Qh3 Qxb2 35. Qxf5 1-0

[Event "Sitges Sunway op-A 11th"]
[Site "Sitges"]
[Date "2024.12.13"]
[Round "2"]
[White "Pniaczek, Marek"]
[Black "Isanzhulov, Arystan"]
[Result "0-1"]
[WhiteElo "2132"]
[BlackElo "2395"]
[PlyCount "78"]
[EventDate "2024.12.12"]
[EventType "swiss"]
[EventRounds "10"]
[EventCountry "ESP"]
[SourceTitle "CB52_2024"]
[SourceDate "2024.12.25"]
[SourceVersion "1"]
[SourceVersionDate "2024.12.25"]
[SourceQuality "1"]

1. e4 g6 2. d4 d6 3. Nf3 Bg7 4. Bd3 Nd7 5. 0-0 e5 6. c3 Ngf6 7. Re1 0-0 8. Nbd2 Re8 9. h3 h6 10. Nf1 d5 11. Nxe5 Nxe5 12. dxe5 Rxe5 13. f4 Re8 14. e5 Nh7 15. Ng3 Nf8 16. Qf3 Qh4 17. Bd2 Bd7 18. Rf1 Rad8 19. f5 Rxe5 20. fxg6 fxg6 21. Bf4 Re6 22. Bxc7 Rc8 23. Bf4 Bc6 24. Qf2 Nd7 25. Rae1 Rf6 26. Qd2 Rcf8 27. Bc7 Nc5 28. Rxf6 Rxf6 29. Bc2 Re6 30. Kh2 Kh7 31. Rxe6 Nxe6 32. Qd3 Qg5 33. Bb8 d4 34. cxd4 Nxd4 35. Bb1 h5 36. Kg1 Nf5 37. Kh2 Ne3 38. Kg1 Nxg2 39. Kh2 Nh4 0-1

[Event "Ustron op-B"]
[Site "Ustron"]
[Date "2024.08.16"]
[Round "8"]
[White "Swider, Pawel"]
[Black "Pniaczek, Marek"]
[Result "1/2-1/2"]
[WhiteElo "2028"]
[BlackElo "2093"]
[PlyCount "99"]
[EventDate "2024.08.09"]
[EventType "swiss"]
[EventRounds "9"]
[EventCountry "POL"]
[SourceTitle "EXT 2025"]
[Source "ChessBase"]
[SourceDate "2024.10.14"]
[SourceVersion "1"]
[SourceVersionDate "2024.10.14"]
[SourceQuality "1"]

1. d4 Nf6 2. c4 e6 3. g3 d5 4. Nf3 Be7 5. Bg2 0-0 6. 0-0 dxc4 7. Qc2 b5 8. a4 b4 9. Nfd2 Nd5 10. Nxc4 c5 11. dxc5 Bxc5 12. Nbd2 Nd7 13. Nb3 Ba6 14. Nxc5 Nxc5 15. Ne3 Rc8 16. Nxd5 exd5 17. Bh3 Ne6 18. Qd1 d4 19. Re1 Qd6 20. a5 Rfe8 21. Bd2 Rb8 22. Qb3 Nc5 23. Qf3 Bb7 24. Bf4 Qe7 25. Qg4 Rbd8 26. Bg2 Bxg2 27. Kxg2 Nb3 28. Rad1 Nxa5 29. Qf5 Nc4 30. b3 Nb6 31. Qb5 Rd5 32. Qa6 Rd7 33. h4 Qe6 34. Qb5 Qe7 35. Rd3 h6 36. Bd2 Rd5 37. Qxb4 Qd7 38. Bc1 Rd8 39. Bb2 Rb5 40. Qd2 Qb7+ 41. f3 Nc4 42. bxc4 Rxb2 43. Qf4 Qb4 44. Rxd4 Re8 45. Kf2 Qc5 46. Kf1 Qc8 47. g4 Rc2 48. Qf5 Qxf5 49. gxf5 Rc8 50. Ra1 1/2-1/2

[Event "Ustron op-B"]
[Site "Ustron"]
[Date "2024.08.15"]
[Round "7"]
[White "Pniaczek, Marek"]
[Black "Dixa, Oskar"]
[Result "1-0"]
[WhiteElo "2093"]
[BlackElo "2066"]
[PlyCount "185"]
[EventDate "2024.08.09"]
[EventType "swiss"]
[EventRounds "9"]
[EventCountry "POL"]
[SourceTitle "EXT 2025"]
[Source "ChessBase"]
[SourceDate "2024.10.14"]
[SourceVersion "1"]
[SourceVersionDate "2024.10.14"]
[SourceQuality "1"]

1. e4 c5 2. Nf3 Nc6 3. d4 cxd4 4. Nxd4 e5 5. Nb5 d6 6. c4 g6 7. Bd3 a6 8. N5c3 Be6 9. Nd5 Bg7 10. Nbc3 Nge7 11. Bg5 h6 12. Be3 0-0 13. Qd2 Kh7 14. 0-0 f5 15. exf5 Nxf5 16. Rad1 Ncd4 17. Rfe1 Rc8 18. Bxf5 Bxf5 19. b3 b5 20. cxb5 axb5 21. f3 Rc5 22. Nb4 Qa8 23. Bxd4 exd4 24. Ne4 Bxe4 25. Rxe4 Rfc8 26. Re7 R5c7 27. Re6 Re8 28. Nd5 Ra7 29. Nf6+ Bxf6 30. Rxf6 Qd5 31. Qd3 Rg7 32. Rf4 Rge7 33. Qxd4 Re1+ 34. Rxe1 Rxe1+ 35. Kf2 Qxd4+ 36. Rxd4 Ra1 37. Rd2 Kg7 38. Ke3 Kf7 39. Kd3 Ke6 40. Kc3 Kd7 41. Kb4 Kc6 42. Rc2+ Kb6 43. Rd2 Kc6 44. Rc2+ Kb6 45. Re2 Kc6 46. Re6 g5 47. a3 Ra2 48. Rxh6 Rxg2 49. h4 gxh4 50. Rxh4 Rg5 51. Rf4 Rd5 52. Rf8 Rd4+ 53. Kc3 Rd1 54. f4 Rf1 55. Kb4 Rf3 56. a4 bxa4 57. bxa4 Rf1 58. Ka5 d5 59. Kb4 Rb1+ 60. Kc3 Ra1 61. Kb3 Rb1+ 62. Ka2 Rb4 63. Ka3 Rb1 64. a5 Ra1+ 65. Kb4 Rb1+ 66. Kc3 Ra1 67. a6 Kc5 68. Ra8 Rf1 69. Rf8 Ra1 70. Rf6 d4+ 71. Kb2 Ra4 72. Kb3 Ra1 73. Rf5+ Kb6 74. Kc4 Ra4+ 75. Kd3 Kxa6 76. Rd5 Kb6 77. Rxd4 Ra3+ 78. Ke4 Kc5 79. f5 Ra1 80. Rd2 Rf1 81. Ke5 Re1+ 82. Kf6 Rf1 83. Ke6 Re1+ 84. Kf7 Kc6 85. f6 Kc7 86. Kf8 Rf1 87. f7 Rg1 88. Rd4 Rg2 89. Ke7 Re2+ 90. Kf6 Rf2+ 91. Kg6 Kc6 92. Rd8 Rg2+ 93. Kh5 1-0

[Event "Suwalki Warakomska Memorial 8th"]
[Site "Suwalki"]
[Date "2024.07.24"]
[Round "8"]
[White "Pniaczek, Marek"]
[Black "Dahale, Atul"]
[Result "1/2-1/2"]
[WhiteElo "2102"]
[BlackElo "2169"]
[PlyCount "115"]
[EventDate "2024.07.18"]
[EventType "swiss"]
[EventRounds "9"]
[EventCountry "POL"]
[SourceTitle "EXT 2025"]
[Source "ChessBase"]
[SourceDate "2024.10.14"]
[SourceVersion "1"]
[SourceVersionDate "2024.10.14"]
[SourceQuality "1"]

1. e4 c5 2. Nf3 a6 3. c4 d6 4. d4 cxd4 5. Qxd4 Nc6 6. Qe3 Nf6 7. Be2 e6 8. 0-0 Qc7 9. Nc3 Be7 10. b3 0-0 11. Bb2 b6 12. Rac1 Qb8 13. Rfd1 Re8 14. h3 Nd7 15. Rd2 Nce5 16. Nd4 Bb7 17. Qg3 Nf6 18. f4 Nc6 19. Nxc6 Bxc6 20. Bf3 Qb7 21. Re1 b5 22. Nd5 exd5 23. exd5 Bd8 24. dxc6 Qa7+ 25. Kh1 Rxe1+ 26. Qxe1 Ba5 27. c7 Rc8 28. Rxd6 Qxc7 29. Qd1 bxc4 30. Rc6 Rd8 31. Qc1 Qe7 32. Qxc4 Qe1+ 33. Kh2 Bd2 34. Rc8 Qe8 35. Rxd8 Qxd8 36. g3 h5 37. Qxa6 h4 38. Qa8 hxg3+ 39. Kxg3 Nh5+ 40. Kg4 Qxa8 41. Bxa8 Nxf4 42. Be4 g6 43. Bc2 f5+ 44. Kg3 Kf7 45. a3 Ke6 46. b4 g5 47. b5 Be1+ 48. Kh2 g4 49. hxg4 fxg4 50. Be4 g3+ 51. Kh1 g2+ 52. Bxg2 Nxg2 53. Kxg2 Kd5 54. a4 Ba5 55. Kf3 Kc4 56. Bc1 Kb3 57. Bd2 Kxa4 58. Bxa5 1/2-1/2

[Event "Suwalki Warakomska Memorial 8th"]
[Site "Suwalki"]
[Date "2024.07.22"]
[Round "6"]
[White "Pniaczek, Marek"]
[Black "Ciszewski, Krzysztof"]
[Result "1/2-1/2"]
[WhiteElo "2102"]
[BlackElo "2114"]
[PlyCount "96"]
[EventDate "2024.07.18"]
[EventType "swiss"]
[EventRounds "9"]
[EventCountry "POL"]
[SourceTitle "EXT 2025"]
[Source "ChessBase"]
[SourceDate "2024.10.14"]
[SourceVersion "1"]
[SourceVersionDate "2024.10.14"]
[SourceQuality "1"]

1. d4 Nf6 2. c4 g6 3. Nc3 Bg7 4. e4 d6 5. Be2 0-0 6. Be3 e5 7. d5 a5 8. g4 Na6 9. g5 Nd7 10. h4 Ndc5 11. h5 c6 12. Qd2 cxd5 13. cxd5 Bd7 14. f3 Qe7 15. Nh3 Rfc8 16. Nf2 Nb4 17. Ng4 Bxg4 18. fxg4 Qd7 19. 0-0 Na4 20. Rf2 Nxc3 21. bxc3 Na6 22. Raf1 Rf8 23. h6 Bh8 24. Kg2 Rac8 25. Kg3 Nc5 26. Bf3 Qa4 27. Bxc5 Rxc5 28. Bg2 Qc4 29. Rf3 a4 30. Qf2 Rc7 31. Kh4 Qxe4 32. Rf6 Qd3 33. Rxd6 e4 34. Re6 Qxd5 35. Rxe4 Rc5 36. Qf4 Be5 37. c4 Qe6 38. Qe3 b6 39. Rf6 Bxf6 40. Rxe6 Bxg5+ 41. Qxg5 Rxg5 42. Rxb6 Re5 43. Bd5 Rfe8 44. Ra6 Kf8 45. Rxa4 f5 46. Ra7 R8e7 47. Ra8+ Re8 48. Ra7 R8e7 1/2-1/2

[Event "Suwalki Warakomska Memorial 8th"]
[Site "Suwalki"]
[Date "2024.07.18"]
[Round "1"]
[White "Pniaczek, Marek"]
[Black "Polok, Kacper"]
[Result "0-1"]
[WhiteElo "2102"]
[BlackElo "2247"]
[PlyCount "78"]
[EventDate "2024.07.18"]
[EventType "swiss"]
[EventRounds "9"]
[EventCountry "POL"]
[SourceTitle "EXT 2025"]
[Source "ChessBase"]
[SourceDate "2024.10.14"]
[SourceVersion "1"]
[SourceVersionDate "2024.10.14"]
[SourceQuality "1"]

1. e4 e6 2. d4 d5 3. e5 c5 4. c3 Nc6 5. Nf3 Nh6 6. Bd3 Nf5 7. 0-0 cxd4 8. Bxf5 exf5 9. cxd4 Be7 10. Nc3 Be6 11. Re1 Rc8 12. Bd2 g5 13. Kh1 f4 14. Nb5 0-0 15. Nd6 Bxd6 16. exd6 Bg4 17. Qb3 Bxf3 18. Qxf3 Qxd6 19. Bc3 h6 20. Re2 Rfe8 21. Rae1 Rxe2 22. Qxe2 Rc7 23. Qb5 a6 24. Re8+ Kg7 25. Qb3 b5 26. a3 Re7 27. Ra8 Qe6 28. Qd1 a5 29. Ra6 Qc8 30. Rb6 b4 31. axb4 axb4 32. Be1 Rb7 33. Ra6 Re7 34. Rb6 Re4 35. h4 f3 36. hxg5 Qg4 37. gxh6+ Kh8 38. gxf3 Qh3+ 39. Kg1 Rh4 0-1

[Event "Titled Tuesday intern op 20th Feb Late"]
[Site "Chess.com INT"]
[Date "2024.02.20"]
[Round "2"]
[White "Pniaczek, Marek"]
[Black "Aveskulov, Valeriy"]
[Result "0-1"]
[WhiteElo "2116"]
[BlackElo "2486"]
[PlyCount "164"]
[EventDate "2024.02.20"]
[EventType "swiss (blitz)"]
[EventRounds "11"]
[EventCountry "USA"]
[SourceTitle "EXT 2025"]
[Source "ChessBase"]
[SourceDate "2024.10.14"]
[SourceVersion "1"]
[SourceVersionDate "2024.10.14"]
[SourceQuality "1"]

1. e4 c5 2. Nf3 d6 3. Bb5+ Nc6 4. 0-0 Bd7 5. c3 Nf6 6. Re1 a6 7. Bf1 Bg4 8. h3 Bxf3 9. Qxf3 e6 10. d3 Be7 11. Be3 0-0 12. Qd1 d5 13. Nd2 d4 14. cxd4 cxd4 15. Bf4 e5 16. Bh2 Nd7 17. a4 Rc8 18. Be2 Nc5 19. Bg4 Rb8 20. Nc4 Bd6 21. Rf1 Nb4 22. Ra3 f6 23. f4 Qe7 24. Qd2 Nc6 25. b4 Ne6 26. Nxd6 Qxd6 27. Qa2 Rbe8 28. f5 Nxb4 29. Qb3 Nc2 30. Ra2 Ne3 31. Rb1 Re7 32. fxe6 Rc8 33. Kh1 Rc3 34. Qb4 Qc7 35. Bg1 Nxg4 36. hxg4 Rxd3 37. Rab2 Qd8 38. Qc5 Rc3 39. Qa7 Rcc7 40. Rxb7 d3 41. Rxc7 Rxc7 42. Qb8 Rc8 43. e7 Qe8 44. Qd6 d2 45. Rd1 Kf7 46. Rxd2 Qxe7 47. Qxe7+ Kxe7 48. Rb2 Kf7 49. Rb7+ Kg6 50. Rb6 a5 51. Rb5 Rc4 52. Rxa5 Rxe4 53. Kh2 Rxg4 54. Ra7 f5 55. g3 f4 56. gxf4 Rxf4 57. Kg2 Rb4 58. Bh2 e4 59. a5 Rb2+ 60. Kg3 h5 61. Bg1 Kf5 62. Rxg7 Rb3+ 63. Kf2 Ra3 64. Ra7 Ra1 65. Bh2 Ra2+ 66. Kg1 e3 67. Bg3 Kg4 68. Be1 Kf3 69. Bb4 Ra1+ 70. Kh2 Ra4 71. Rb7 e2 72. Rf7+ Ke3 73. Re7+ Kd3 74. Be1 Ra1 75. Bf2 Ra2 76. Re3+ Kd2 77. Re7 Kd3 78. Rd7+ Ke4 79. Re7+ Kf3 80. Bg3 e1Q+ 81. Kh3 Qh1+ 82. Bh2 Qxh2# 0-1